[Event "ICS rated blitz match"]
[Site "204.178.125.65"]
[Date "1999.09.23"]
[Round "?"]
[White "knightmare51"]
[Black "Hossa"]
[Result "0-1"]
[WhiteElo "2219"]
[BlackElo "2292"]
[PlyCount "76"]
[EventDate "1999.??.??"]

1. d4 Nf6 2. c4 e6 3. Nc3 Bb4 4. e3 c5 5. a3 Bxc3+ 6. bxc3 Qa5 7. Bd2 O-O 8.
Bd3 b6 9. e4 Bb7 10. f3 d5 11. cxd5 exd5 12. e5 Ne8 13. Qc2 Nc6 14. Bxh7+ Kh8
15. Bf5 f6 16. e6 Nd6 17. Ne2 Nc4 18. O-O cxd4 19. cxd4 Qxd2 20. Nf4 Qxf4 21.
Bh3 Qxd4+ 22. Kh1 Ne3 23. Qg6 Nxf1 24. e7 Ng3+ 25. hxg3 Qxa1+ 26. Kh2 Nd4 27.
exf8=Q+ Rxf8 28. Bf5 Nxf5 29. Qxf5 Qxa3 30. Qh3+ Kg8 31. Qe6+ Rf7 32. Qe8+ Qf8
33. Qe6 g5 34. Qf5 Rh7+ 35. Kg1 Qc5+ 36. Kf1 Ba6+ 37. Ke1 Rh1+ 38. Kd2 38...
Qc1# {knightmare51 checkmated} 0-1

[Event "ICS rated blitz match"]
[Site "204.178.125.65"]
[Date "1999.09.02"]
[Round "?"]
[White "knightmare51"]
[Black "Hossa"]
[Result "0-1"]
[WhiteElo "2258"]
[BlackElo "2513"]
[PlyCount "24"]
[EventDate "1999.??.??"]

1. g3 d5 2. Bg2 e5 3. d3 Nc6 4. c4 dxc4 5. dxc4 Qxd1+ 6. Kxd1 Bd7 7. Nc3 O-O-O
8. Ke1 Nd4 9. Be4 f5 10. Bb1 Bc6 11. f3 Bc5 12. Na4 12... Bxa4 {
knightmare51 resigns} 0-1

[Event "ICS rated blitz match"]
[Site "204.178.125.65"]
[Date "1999.10.02"]
[Round "?"]
[White "knightmare51"]
[Black "Hossa"]
[Result "0-1"]
[WhiteElo "2236"]
[BlackElo "2415"]
[PlyCount "114"]
[EventDate "1999.??.??"]

1. e4 c5 2. Nf3 Nc6 3. d4 cxd4 4. Nxd4 Nf6 5. Nc3 d6 6. Bc4 e5 7. Nde2 h6 8. h3
Be6 9. Bxe6 fxe6 10. O-O Be7 11. f4 Qb6+ 12. Kh1 O-O-O 13. f5 d5 14. fxe6 dxe4
15. Qe1 Nb4 16. Rb1 Nxc2 17. Qg3 Qxe6 18. Nb5 Kb8 19. Nec3 g6 20. Be3 Nxe3 21.
Qxe3 Qb6 22. Qxb6 axb6 23. Rbe1 Rhf8 24. Nxe4 Nxe4 25. Rxf8 Bxf8 26. Rxe4 Bg7
27. a4 Rd2 28. b4 Ra2 29. Nc3 Ra3 30. Nd5 Rxa4 31. Nxb6 Ra1+ 32. Kh2 Kc7 33.
Nc4 Rd1 34. Nxe5 Rd4 35. Re2 Bxe5+ 36. Rxe5 Rxb4 37. Re6 Rb6 38. Re7+ Kb8 39.
g4 Ka7 40. h4 Ra6 41. Kg3 Ra3+ 42. Kf4 Rh3 43. Rg7 Rxh4 44. Rxg6 h5 45. Kg3
Rxg4+ 46. Rxg4 hxg4 47. Kxg4 b5 48. Kf3 Kb6 49. Ke2 Kc5 50. Kd3 Kb4 51. Kc2 Ka3
52. Kb1 b4 53. Ka1 b3 54. Kb1 b2 55. Kc2 Ka2 56. Kc3 b1=Q 57. Kc4 57... Qf5 {
knightmare51 resigns} 0-1

[Event "ICS rated blitz match"]
[Site "204.178.125.65"]
[Date "1999.09.18"]
[Round "?"]
[White "ktolik"]
[Black "Hossa"]
[Result "0-1"]
[WhiteElo "2229"]
[BlackElo "2493"]
[Annotator "Fritz 5.32 (20s)"]
[PlyCount "52"]
[EventDate "1999.??.??"]

1. d4 1... Nf6 {Opening = E21 - 4.Nf3} 2. c4 e6 3. Nc3 Bb4 4. Nf3 Bxc3+ 5. bxc3
Ne4 (5... c5 6. Bf4 Qa5 7. Qb3 Ne4 8. Rc1 O-O 9. e3 Nc6 10. d5 Ne7 11. Bd3 Nf6
12. O-O exd5 13. Bd6 Re8 14. Rfe1 b6 15. e4 dxc4 16. Qxc4 b5 17. Qxc5 Ba6 18.
Bxe7 Qxa2 19. e5 Ng4 20. Re2 {Melander,M-Calero,F/Seattle 1994/EXT 99/ - (34)})
(5... O-O 6. Bg5 h6 7. Bh4 d6 8. e3 Nbd7 9. Bd3 c5 10. O-O b6 11. Nd2 Bb7 12.
f3 Qe7 13. a4 g5 14. Bf2 a5 15. Re1 Kg7 16. Nf1 Rh8 17. Ng3 Rag8 18. e4 h5 19.
e5 dxe5 20. dxe5 {Kirbach,T-Suess,H/Bayern 1995/EXT 99/0-1 (67)}) 6. Qc2 6...
d5 $146 (6... f5 7. e3 b6 8. Be2 (8. d5 Bb7 9. Ba3 exd5 10. cxd5 Bxd5 11. Nd4
Qg5 12. Nf3 Qf6 13. Bb2 Qe7 14. c4 Bb7 15. Qb3 Na6 16. Be5 Nac5 17. Qb2 Ne6 18.
Be2 d6 19. Bd4 O-O 20. O-O f4 21. c5 N4xc5 22. exf4 Nxf4 23. Rfe1 Nxe2+ 24.
Rxe2 Qf7 25. Ng5 Qg6 26. h4 h6 27. Bxc5 hxg5 28. Qb3+ Qf7 29. Qxf7+ Rxf7 30.
Be3 gxh4 31. Rae1 Ba6 32. Rd2 Re8 33. Rc2 Re4 34. f3 Rc4 35. Rd2 h3 36. Bg5
hxg2 37. Rxg2 Bb5 38. f4 a5 39. Re3 d5 40. Re5 Bc6 41. Ree2 d4 42. Rg3 Rc1+ 43.
Kf2 d3 44. Rxd3 Rh1 45. Rg3 Rh2+ 46. Kf1 Bb5 47. Rge3 Bxe2+ 48. Rxe2 Rxe2 49.
Kxe2 49... Rd7 {0-1 Patton,O-Garcia,A/Thessaloniki 1984/EXT 97-B (49)}) 8...
O-O 9. O-O d6 10. Bd3 Bb7 11. Nd2 Nxd2 12. Bxd2 Nd7 13. e4 Qf6 14. f4 Qg6 15.
Rae1 Nf6 16. d5 fxe4 17. Bxe4 Nxe4 18. Qxe4 Qxe4 19. Rxe4 exd5 20. cxd5 Bxd5
21. Ra4 {Janssen,L-Eckhardt,C/BLW-9293 1993/EXT 97-B/ - (65)}) 7. e3 O-O 8. Bd3
f5 9. O-O Nd7 10. c5 {Weiss gewinnt Raum} 10... Re8 11. c4 c6 12. a4 $11 (12.
Rb1 12... Qf6 $14) 12... Qf6 13. Bb2 b6 14. cxb6 axb6 15. Nd2 Ba6 16. Rfc1 Nxd2
17. Qxd2 dxc4 18. Bxc4 Bxc4 19. Rxc4 e5 20. dxe5 Nxe5 21. Rd4 $11 (21. Qc2 b5
22. Rc5 f4 23. Qb3+ Kh8 24. exf4 24... Qxf4 $14) 21... Qg6 22. Kh1 Qh5 23. f3 {
Verwehrt dem Gegner g4} (23. Rb4 Rad8 24. Qc2 24... Nd7 $16) 23... Qf7 24. Rd1
$17 (24. Qc2 $5 $11 $142 {ist die kritische Fortsetzung}) 24... c5 25. Rd5 $2
$19 (25. Rh4 $5 $17 $142) 25... Nc4 26. Qc3 $2 (26. Rd7 Nxd2 27. Rxf7 Kxf7 28.
Rxd2 Rxe3 29. Kg1 $19) 26... Nxe3 (26... Nxe3 27. R1d3 Nxd5 28. Rxd5 28... Rxa4
$19) (26... Rxa4 $4 {den sollte Schwarz lieber stehen lassen} 27. Rd7 Nxb2 28.
Rxf7 Kxf7 29. Qxb2 $18) 0-1

[Event "ICS rated blitz match"]
[Site "204.178.125.65"]
[Date "1999.09.18"]
[Round "?"]
[White "ktolik"]
[Black "Hossa"]
[Result "0-1"]
[WhiteElo "2204"]
[BlackElo "2504"]
[Annotator "Fritz 5.32 (20s)"]
[PlyCount "74"]
[EventDate "1999.??.??"]

1. e4 1... c5 {Opening = 2.c3 e6} 2. Nf3 e6 3. c3 d5 4. exd5 exd5 5. d4 Bg4 (
5... Be6 6. Be3 Qb6 7. Qc1 Nc6 8. dxc5 Bxc5 9. Bxc5 Qxc5 10. Nbd2 Qe7 11. Be2
Nh6 12. Nb3 Rc8 13. O-O Nf5 14. Qf4 h6 15. Rfe1 O-O 16. Bd3 g5 17. Qd2 Qf6 18.
Rad1 g4 19. Nfd4 Ncxd4 20. Nxd4 {Hanus,V-Trojan,L/CZE 1997/EXT 98/1-0 (59)}) 6.
Be2 6... Bd6 $146 (6... Nf6 7. O-O Be7 8. dxc5 Bxc5 9. Bb5+ Nc6 10. Re1+ Be7
11. Qe2 Bxf3 12. gxf3 a6 13. Bxc6+ bxc6 14. Bf4 Nh5 15. Bg5 f6 16. Bd2 Qd7 17.
c4 Kf7 18. cxd5 cxd5 19. f4 g6 20. Nc3 Rhe8 21. Qf3 {
Dorst,J-Poppe,H/Bad Neustadt 1991/EXT 97/1-0 (60)}) (6... Nc6 7. O-O $14) 7.
O-O $11 (7. Qb3 Qe7 8. Bg5 8... f6 $16) 7... Ne7 8. dxc5 Bxc5 9. Nbd2 O-O 10.
Nb3 Bd6 11. Bg5 Re8 12. Bh4 Nbc6 13. Bg3 (13. h3 13... Bh5 $14) 13... Nf5 14.
Bxd6 Nxd6 15. h3 Bh5 16. Re1 Ne4 17. Nbd4 $11 {
Der Springer steht auf d4 komfortabel} (17. Nfd2 Bxe2 18. Qxe2 18... Nf6 $11)
17... Qf6 18. Rf1 $15 (18. g4 $5 18... Bg6 19. Qb3 $11) 18... Nxd4 $11 (18...
Re7 19. Nh2 Bxe2 20. Nxe2 $11) 19. Nxd4 ({Jedoch nicht} 19. cxd4 19... Qb6 $15)
(19. Qxd4 Nxc3 20. bxc3 Qxd4 21. Nxd4 21... Bxe2 $17 (21... Rxe2 $143 22. Nxe2
Bxe2 23. Rfe1 $16)) 19... Bxe2 20. Nxe2 ({Dagegen} 20. Qxe2 20... Nxc3 $1 {
Schwarz kommt in Vorteil} 21. Qd3 Qxd4 22. Qxc3 22... Qb6 $17) 20... Qb6 21.
Qb3 ({Und nicht} 21. Qxd5 21... Rad8 22. Qh5 22... Rd2 $15) 21... Qxb3 22. axb3
Nd2 23. Rfe1 Nxb3 24. Ra3 Nc1 25. Kf1 25... Nxe2 $11 (25... Nd3 26. Rea1 $15)
26. Rxe2 Rxe2 27. Kxe2 a6 28. Rb3 Re8+ 29. Kd3 Re7 30. g4 Kf8 31. Rb6 Rd7 32.
Kd4 Ke7 33. f4 Kd8 34. b4 $17 (34. Kc5 $5 $15 $142 {ist interessant}) 34... Kc7
35. Kc5 Re7 36. Rd6 Re4 37. Rxd5 $4 {
auch bessere Zuege haetten die Partie nicht gerettet.} (37. Kxd5 $142 37...
Rxf4 38. Kc5 $19) 37... b6# 0-1

[Event "ICS rated blitz match"]
[Site "204.178.125.65"]
[Date "1999.09.02"]
[Round "?"]
[White "kyklop"]
[Black "Hossa"]
[Result "0-1"]
[WhiteElo "2248"]
[BlackElo "2506"]
[PlyCount "58"]
[EventDate "1999.??.??"]

1. c4 c5 2. Nc3 Nc6 3. Nf3 d6 4. g3 e6 5. Bg2 d5 6. cxd5 exd5 7. d4 cxd4 8.
Nxd4 Bb4 9. O-O Bxc3 10. bxc3 Nce7 11. e4 dxe4 12. Bxe4 Nf6 13. Bg2 O-O 14. Ba3
Re8 15. Rb1 Ned5 16. c4 Nc3 17. Qd2 Ne2+ 18. Kh1 Nxd4 19. Rfd1 Bg4 20. Qxd4
Re1+ 21. Rxe1 Qxd4 22. Kg1 Qxc4 23. h3 Qxa2 24. Be7 Bf5 25. Rxb7 Re8 26. Rc1
Ne4 27. Bxe4 Bxe4 28. Rbc7 Qe6 29. Bg5 29... Qxh3 {kyklop resigns} 0-1

[Event "ICS rated blitz match"]
[Site "204.178.125.65"]
[Date "1999.09.02"]
[Round "?"]
[White "ladygreen"]
[Black "Hossa"]
[Result "0-1"]
[WhiteElo "2248"]
[BlackElo "2491"]
[PlyCount "92"]
[EventDate "1999.??.??"]

1. d4 Nf6 2. c4 e6 3. Nf3 d5 4. g3 dxc4 5. Bg2 Bb4+ 6. Bd2 Be7 7. Qa4+ Nbd7 8.
Qxc4 O-O 9. O-O c5 10. Nc3 cxd4 11. Nxd4 Nb6 12. Qd3 e5 13. Nb3 Bb4 14. Qxd8
Rxd8 15. Rfd1 Bf5 16. Bg5 Rxd1+ 17. Rxd1 Bc2 18. Rd2 Bxb3 19. axb3 Rb8 20. Rd1
Nbd7 21. Nd5 Bc5 22. Nxf6+ Nxf6 23. Bxf6 gxf6 24. Rd7 b5 25. Bd5 Rf8 26. e3 b4
27. g4 Kg7 28. Kg2 a6 29. Kf3 h6 30. Ke4 Bb6 31. Rb7 Bc5 32. Rc7 Bd6 33. Rc6
Rd8 34. Rxa6 Rd7 35. h4 Kg6 36. Ra8 Bc5 37. h5+ Kg7 38. Ra6 Bd6 39. Kf5 Bc5 40.
Bc4 Rd2 41. f3 Bxe3 42. Rxf6 Rd7 43. Rc6 Bd4 44. Ra6 Bxb2 45. Rc6 Rd4 46. Rc7
46... Rf4# {ladygreen checkmated} 0-1

[Event "ICS rated blitz match"]
[Site "204.178.125.65"]
[Date "1999.09.02"]
[Round "?"]
[White "ladygreen"]
[Black "Hossa"]
[Result "0-1"]
[WhiteElo "2236"]
[BlackElo "2503"]
[PlyCount "80"]
[EventDate "1999.??.??"]

1. d4 Nf6 2. c4 e6 3. Nf3 d5 4. g3 dxc4 5. Bg2 Bb4+ 6. Bd2 Be7 7. Qa4+ Nbd7 8.
Qxc4 O-O 9. Bg5 Re8 10. O-O Ng4 11. Bxe7 Rxe7 12. Nc3 c6 13. e4 e5 14. Rad1 Qa5
15. h3 Ngf6 16. dxe5 Nxe5 17. Nxe5 Rxe5 18. b4 Qc7 19. f4 Re7 20. e5 Nh5 21. g4
Be6 22. Qd3 a5 23. bxa5 Nxf4 24. Rxf4 Qxe5 25. Re4 Qxa5 26. Qe3 Rae8 27. Re5
Qc7 28. a3 Bxg4 29. Rxe7 Rxe7 30. Qxe7 Qxe7 31. hxg4 h5 32. Kf2 Qc5+ 33. Kf1
Qxc3 34. gxh5 Qxa3 35. Rd8+ Kh7 36. Be4+ Kh6 37. Rh8+ Kg5 38. Rg8 f5 39. Rxg7+
Kxh5 40. Bg2 40... Qa1+ {ladygreen resigns} 0-1

[Event "ICS rated blitz match"]
[Site "204.178.125.65"]
[Date "1999.09.24"]
[Round "?"]
[White "ladygreen"]
[Black "Hossa"]
[Result "0-1"]
[WhiteElo "2361"]
[BlackElo "2444"]
[PlyCount "78"]
[EventDate "1999.??.??"]

1. d4 Nf6 2. c4 e6 3. Nf3 b6 4. a3 Be7 5. Nc3 O-O 6. d5 exd5 7. cxd5 Re8 8. e4
c6 9. Be2 Ba6 10. Bxa6 Nxa6 11. O-O Nc5 12. e5 Nxd5 13. Nxd5 cxd5 14. Qxd5 d6
15. b4 Ne6 16. Bb2 dxe5 17. Qxd8 Raxd8 18. Bxe5 a5 19. bxa5 bxa5 20. a4 Bb4 21.
g3 Ng5 22. Nxg5 Rxe5 23. Nf3 Rf5 24. Kg2 Rd3 25. Nh4 Rfd5 26. Nf3 g5 27. h3 h5
28. Rfc1 Kg7 29. Rc4 Kg6 30. h4 g4 31. Ng5 Be7 32. Ne4 Re5 33. Nc3 Bb4 34. Nb5
Rd2 35. Rc6+ Kg7 36. Rf1 Ra2 37. Nd4 Rxa4 38. Rc7 Bd6 39. Rd7 39... Rxd4 {
ladygreen resigns} 0-1

[Event "ICS rated blitz match"]
[Site "204.178.125.65"]
[Date "1999.09.30"]
[Round "?"]
[White "lakerda"]
[Black "Hossa"]
[Result "0-1"]
[WhiteElo "2166"]
[BlackElo "2454"]
[Annotator "Fritz 5.32 (22s)"]
[PlyCount "116"]
[EventDate "1999.??.??"]

1. d4 Nf6 2. e3 g6 3. c4 $146 (3. g3 Bg7 4. Bg2 d6 (4... O-O 5. Ne2 d5 6. O-O
b6 7. c4 Bb7 8. Nbc3 e6 9. b3 Nbd7 10. Bb2 Rb8 11. cxd5 exd5 12. Nf4 c6 13. Qc2
Re8 14. Ba3 Nf8 15. Rac1 a5 16. Rfd1 Ne6 17. Nd3 Rc8 18. Qb1 Nd7 19. Bb2 {
Zita,F-Ujtelky,M/Marianske Lazne 1956/EXT 99/ - (35)}) (4... c6 5. c4 d6 6. Nc3
Nbd7 7. Nf3 O-O 8. O-O e5 9. b3 Qa5 10. Bd2 Qc7 11. Rc1 Rd8 12. Na4 Nb6 13. Ba5
c5 14. Qe2 Bd7 15. Nc3 Re8 16. dxe5 dxe5 17. Nd2 Bc6 18. f3 Qe7 19. e4 {
Zapata,W-Camara,H/Tucuman 1971/EXT 99/ - (87)}) 5. Ne2 O-O 6. O-O Nbd7 7. Nbc3
c6 8. b3 Qc7 9. Bb2 Rb8 10. d5 a6 11. dxc6 bxc6 12. Na4 Bb7 13. c4 c5 14. Nf4
Bxg2 15. Nxg2 Nb6 16. Nxb6 Qxb6 17. Qc2 17... a5 {
Mergen,T-Cobb,J/Mamaia 1991/EXT 97/0-1 (34)}) (3. Nd2 Bg7 4. f4 d6 5. Bc4 O-O
6. Ngf3 b6 7. O-O Bb7 8. Qe1 c5 9. Qh4 e6 10. c3 Nbd7 11. Qh3 Qe7 12. Rf2 Rac8
13. g4 Rfe8 14. Ng5 h6 15. Ngf3 Nd5 16. Nf1 cxd4 17. Bxd5 17... Bxd5 {
Balandier,T-Mollov,E/Meudon 1990/EXT 99/ - (31)}) 3... Nc6 $14 (3... c6 4. Nc3
$11) 4. Nc3 Bg7 5. Nf3 O-O 6. Be2 6... d6 {Sichert e5} 7. O-O Bg4 8. h3 Bh5 9.
g4 Nxg4 10. hxg4 Bxg4 11. Nd2 $14 (11. d5 Na5 12. Ng5 Bxe2 13. Qxe2 13... c6
$14) 11... Bh3 12. Re1 e5 13. Kh2 $11 (13. Nf3 $5 $14 $142 {
bedarf naeherer Analyse}) 13... Bf5 (13... exd4 14. Kxh3 dxc3 15. bxc3 Bxc3 16.
Rb1 $15) 14. d5 {Weiss gewinnt Raum} 14... Qh4+ 15. Kg1 Qg5+ 16. Kh2 16... Ne7
$14 (16... Qh4+ 17. Kg2 Qg5+ 18. Kh1 Qh4+ 19. Kg2 Qg5+ 20. Kh1 Qh4+ 21. Kg2 $11
) 17. Bf3 Qh4+ 18. Kg1 Bh3 19. Bg2 19... Bg4 $16 (19... Bxg2 20. Kxg2 Qg5+ 21.
Kf1 $16) 20. f3 Bh5 21. Qe2 21... Nf5 $16 (21... f5 22. Qf2 Qxf2+ 23. Kxf2 $16)
22. Qf2 Bf6 23. Qxh4 $11 (23. Nde4 $5 $16 $142) 23... Bxh4 ({Nicht} 23... Nxh4
24. Nce4 Be7 25. Ng3 $16) 24. Re2 Ng3 25. Rf2 25... c5 $16 (25... Nf5 $5 $11
$142 {muss geprueft werden}) 26. Nf1 Nf5 27. Rc2 Rad8 28. Bd2 Be7 29. Ne2 (29.
Ne4 Nh4 30. Nh2 Nxg2 31. Kxg2 31... g5 $16) 29... Nh4 30. Kf2 e4 31. Nh2 31...
f5 $18 (31... Bg5 32. Nf4 Bxf4 33. exf4 Nxg2 34. Kxg2 $16) 32. Ng3 $16 (32. Nf4
Nxg2 33. Kxg2 33... Rde8 $18) 32... Bxf3 33. Bxf3 exf3 34. Nxf3 Nxf3 35. Kxf3
Rde8 36. Bc3 Bg5 37. Re2 $14 (37. Re1 37... h6 $16) 37... f4 38. exf4 Rxf4+ 39.
Kg2 Rxe2+ 40. Nxe2 Rxc4 41. Rf1 Re4 42. Ng3 42... Re8 $14 (42... Rg4 43. Re1 h5
44. Re4 $11) 43. Re1 Rxe1 44. Bxe1 Bh4 45. Bc3 Bxg3 46. Kxg3 h6 47. Kg4 a6 48.
Bd2 g5 49. Be1 Kf7 50. Bg3 Ke7 (50... Kg6 51. Bxd6 h5+ 52. Kg3 $18) 51. Kh5 b5
52. Kxh6 a5 (52... g4 53. Bh4+ Kd7 54. Kg5 $18) 53. Kxg5 c4 (53... a4 {
macht keinen grossen Unterschied} 54. Kf5 $18) 54. Kf4 b4 (54... a4 {
aendert nichts am Ausgang der Partie} 55. Be1 $18) 55. Ke4 (55. Be1 {
laesst dem Gegner kaum Chancen} 55... Kd8 $18) 55... a4 {Schwarz plant b3} 56.
Kd4 (56. Be1 $5 {damit wuerde Weiss es sich noch erleichtern} 56... c3 57. bxc3
b3 58. axb3 58... axb3 $18) 56... b3 (56... c3 57. b3 axb3 58. axb3 58... c2
$18) 57. a3 {Weiss droht Bxd6} 57... c3 58. Kxc3 (58. bxc3 $4 58... b2 $19)
58... Kd7 (58... Kd7 59. Bxd6 59... Kxd6 $18) 0-1

[Event "ICS rated blitz match"]
[Site "204.178.125.65"]
[Date "1999.09.03"]
[Round "?"]
[White "lakerda"]
[Black "Hossa"]
[Result "0-1"]
[WhiteElo "2355"]
[BlackElo "2534"]
[PlyCount "104"]
[EventDate "1999.??.??"]

1. d4 Nf6 2. e3 g6 3. c4 Nc6 4. Nc3 Bg7 5. Nf3 O-O 6. Be2 d6 7. O-O Bg4 8. h3
Bh5 9. g4 Nxg4 10. hxg4 Bxg4 11. Ng5 Bxe2 12. Nxe2 e5 13. Nf3 Qd7 14. dxe5 Qg4+
15. Ng3 dxe5 16. Nh2 Qxc4 17. Bd2 Rad8 18. Qc1 Qh4 19. Bc3 Qh3 20. Rd1 f6 21.
Rxd8 Rxd8 22. Qf1 Qh4 23. Nf3 Qg4 24. Qg2 Rd3 25. Ne2 Qf5 26. Ng3 Qd7 27. Ne1
Rd6 28. Ne4 Rd5 29. Ng3 a6 30. Qf3 f5 31. Kg2 b5 32. e4 fxe4 33. Nxe4 b4 34.
Bd2 Nd4 35. Qh3 Qf5 36. Qxf5 gxf5 37. Ng3 c5 38. Be3 f4 39. Bxd4 Rxd4 40. Nf5
Rd2 41. Nxg7 Kxg7 42. Rb1 e4 43. Kf1 f3 44. Rc1 Rxb2 45. Rxc5 Rxa2 46. Rc7+ Kf6
47. Nc2 b3 48. Rc6+ Ke5 49. Ne1 a5 50. Kg1 Ra1 51. Kf1 b2 52. Rb6 52... b1=Q {
lakerda resigns} 0-1

[Event "ICS rated blitz match"]
[Site "204.178.125.65"]
[Date "1999.09.17"]
[Round "?"]
[White "lakerda"]
[Black "Hossa"]
[Result "0-1"]
[WhiteElo "2203"]
[BlackElo "2424"]
[Annotator "Fritz 5.32 (20s)"]
[PlyCount "32"]
[EventDate "1999.??.??"]

1. d4 1... Nf6 {Opening = A45 - 1.d4 Nf6 2.---} 2. e3 g6 3. f4 Bg7 4. Nf3 O-O (
4... c5 5. c3 O-O 6. Bd3 d6 7. O-O b6 8. e4 Bb7 9. Qe2 cxd4 10. Nxd4 Nbd7 11.
e5 dxe5 12. fxe5 Nxe5 13. Bc2 Nc6 14. Nf3 Qc7 15. Na3 Rad8 16. Kh1 Rd5 17. Ng5
e6 18. Bf4 e5 19. Be3 {Raivio,Y-Rautanen,S/Helsinki 1997/EXT 99/ - (34)}) 5. b3
$146 (5. Be2 c5 (5... d6 6. O-O Nc6 7. Re1 e5 8. fxe5 dxe5 9. Bb5 e4 10. Bxc6
bxc6 11. Ne5 c5 12. c4 Qd6 13. Nc3 Ba6 14. b3 cxd4 15. exd4 Rfd8 16. Ne2 Nh5
17. Be3 c5 18. Rf1 f6 19. Nxg6 hxg6 20. g4 cxd4 21. Qxd4 21... Qe6 {
0-1 Schoen,R-Appel,R/Hauenstein 1991/GER (21)}) 6. O-O d6 7. Nc3 Nc6 8. d5 Nb4
9. a3 Na6 10. e4 Nc7 11. Kh1 b5 12. Nd2 Rb8 13. Bf3 Bb7 14. Nb3 Ba8 15. Be3 Nd7
16. Qe1 Nb6 17. Nd2 Qd7 18. Qh4 Nc4 19. Nxc4 19... bxc4 {
Glienke,M-Giemsa,S/BL2-N 1993/GER-chT2/0-1 (57)}) (5. Bd3 b6 6. O-O Bb7 7. b3
d6 8. Bb2 Nbd7 9. Nbd2 c5 10. Qe1 e6 11. Ng5 Qe7 12. Qh4 Rae8 13. Rae1 h6 14.
Nge4 d5 15. Nxf6+ Nxf6 16. Nf3 Nd7 17. Bb5 a6 18. Qxe7 Rxe7 19. Bd3 19... Rc8 {
Vaatainen,T-Pulkkinen,K/FIN-ch 1993/EXT 98/1-0 (54)}) 5... c5 6. Bb2 6... Ng4 {
Schwarz zwingt den Gegner mit starken Drohungen nieder} 7. Qd2 Nc6 8. h3 Nf6 9.
d5 9... Ne4 {Dort fuehlt sich der schwarze Springer wohl} 10. Qc1 Bxb2 11. Qxb2
Nb4 12. c4 Ng3 13. Rg1 e6 14. Nbd2 $15 (14. a3 Nxf1 15. Kxf1 15... Na6 $14)
14... exd5 15. cxd5 $17 (15. a3 $5 $142 {kam sehr in Betracht} 15... Nxf1 16.
Kxf1 $11) 15... Qe7 16. Kf2 $19 (16. Nc4 $5 16... d6 17. a3 Nxd5 18. Qd2 $19)
16... Nxf1 (16... Nxf1 17. Kxf1 17... Qxe3 $19) 0-1

[Event "ICS rated blitz match"]
[Site "204.178.125.65"]
[Date "1999.09.03"]
[Round "?"]
[White "lakerda"]
[Black "Hossa"]
[Result "0-1"]
[WhiteElo "2374"]
[BlackElo "2515"]
[PlyCount "48"]
[EventDate "1999.??.??"]

1. d4 Nf6 2. e3 g6 3. c4 Nc6 4. Nc3 Bg7 5. Nf3 O-O 6. Be2 d6 7. O-O Bg4 8. h3
Bh5 9. g4 Nxg4 10. hxg4 Bxg4 11. Nd2 Bh3 12. Re1 e5 13. Nf3 exd4 14. exd4 Qd7
15. Ne4 Rae8 16. Ng3 d5 17. Be3 dxc4 18. Bxc4 Qg4 19. Bf1 Bxf1 20. Kxf1 Rd8 21.
Ne5 Qh3+ 22. Ke2 Bxe5 23. Rh1 Nxd4+ 24. Bxd4 24... Qe6 {lakerda resigns} 0-1

[Event "ICS rated blitz match"]
[Site "204.178.125.65"]
[Date "1999.09.08"]
[Round "?"]
[White "lakerda"]
[Black "Hossa"]
[Result "0-1"]
[WhiteElo "2299"]
[BlackElo "2494"]
[PlyCount "89"]
[EventDate "1999.??.??"]

1. d4 d5 2. e3 e6 3. Bd3 c5 4. c3 Nc6 5. Nd2 e5 6. dxe5 Nxe5 7. Bb5+ Bd7 8.
Bxd7+ Qxd7 9. Ndf3 Nc6 10. Ne2 Qd8 11. O-O Nf6 12. Ng3 Be7 13. Qc2 O-O 14. e4
Qd7 15. exd5 Nxd5 16. Qf5 Rad8 17. Qxd7 Rxd7 18. Nf5 Bf6 19. h4 Re8 20. Bg5
Bxg5 21. hxg5 Red8 22. Rfe1 Nf4 23. Re4 Nd3 24. b3 b5 25. Ne1 Nb2 26. Nf3 Nd1
27. Rc1 Rd3 28. c4 Nc3 29. Rce1 Nxe4 30. Rxe4 a6 31. Kh2 Kh8 32. Kg1 b4 33. Kh2
R3d7 34. Kg1 a5 35. Kh2 Rc8 36. Kg1 Kg8 37. Kh2 Rdd8 38. Kg1 Re8 39. Nd2 Rcd8
40. Rxe8+ Rxe8 41. f3 Re1+ 42. Kf2 Ra1 43. Ne4 Rxa2+ 44. Kg3 Nd4 45. Nxc5 {
lakerda resigns} 0-1

[Event "ICS rated blitz match"]
[Site "204.178.125.65"]
[Date "1999.09.08"]
[Round "?"]
[White "lakerda"]
[Black "Hossa"]
[Result "1-0"]
[WhiteElo "2365"]
[BlackElo "2457"]
[PlyCount "86"]
[EventDate "1999.??.??"]

1. d4 Nf6 2. e3 g6 3. Nf3 Bg7 4. Be2 O-O 5. O-O d6 6. c4 Nbd7 7. Nc3 e5 8. b4
Nb6 9. a4 exd4 10. exd4 Be6 11. d5 Nfxd5 12. cxd5 Bxc3 13. dxe6 Bxa1 14. a5 Nc8
15. Bc4 fxe6 16. Bxe6+ Kg7 17. Bh6+ Kxh6 18. Qxa1 Ne7 19. Re1 Nf5 20. Re4 c6
21. g4 d5 22. g5+ Qxg5+ 23. Nxg5 Kxg5 24. Re5 Rae8 25. Bxf5 Rxe5 26. Qxe5 Rxf5
27. Qe3+ Rf4 28. Qe7+ Kh6 29. Qxb7 Rc4 30. Qxa7 Rg4+ 31. Kf1 Rxb4 32. Qe3+ Kh5
33. a6 Ra4 34. a7 Kg4 35. Qg3+ Kf5 36. Qb8 Ra1+ 37. Kg2 Ke6 38. a8=Q Rxa8 39.
Qxa8 c5 40. Qc6+ Ke5 41. Qxc5 Ke4 42. Qe3+ Kf5 43. Qd4 43... Ke6 {Hossa resigns
} 1-0

[Event "ICS rated blitz match"]
[Site "204.178.125.65"]
[Date "1999.09.12"]
[Round "?"]
[White "lakerda"]
[Black "Hossa"]
[Result "1/2-1/2"]
[WhiteElo "2293"]
[BlackElo "2473"]
[PlyCount "40"]
[EventDate "1999.??.??"]

1. d4 d5 2. e3 e6 3. Bd3 c5 4. c3 Nc6 5. f4 cxd4 6. exd4 Bd6 7. Nf3 Nf6 8. O-O
O-O 9. Ne5 Bd7 10. Nd2 Rc8 11. g4 Qb6 12. Kh1 Be8 13. g5 Nd7 14. Ndf3 f6 15.
gxf6 Nxf6 16. Qe2 Ne7 17. Ng5 Bc7 18. Nef3 Bd7 19. Ne5 Be8 20. Nef3 20... Bd7 {
Game drawn by mutual agreement} 1/2-1/2

[Event "ICS rated blitz match"]
[Site "204.178.125.65"]
[Date "1999.09.08"]
[Round "?"]
[White "lakerda"]
[Black "Hossa"]
[Result "0-1"]
[WhiteElo "2319"]
[BlackElo "2476"]
[PlyCount "41"]
[EventDate "1999.??.??"]

1. d4 d5 2. e3 e6 3. Bd3 c5 4. c3 Nc6 5. f4 cxd4 6. exd4 Bd6 7. Nf3 Nf6 8. O-O
O-O 9. Ne5 Bd7 10. Qe2 Rc8 11. Nd2 Qe7 12. g4 Ne8 13. g5 Nxe5 14. dxe5 Bc5+ 15.
Kh1 Bc6 16. Rf3 d4 17. Ne4 dxc3 18. bxc3 Rd8 19. Be3 Bxe3 20. Qxe3 Qa3 21. Rc1
{lakerda resigns} 0-1

[Event "ICS rated blitz match"]
[Site "204.178.125.65"]
[Date "1999.09.08"]
[Round "?"]
[White "lakerda"]
[Black "Hossa"]
[Result "0-1"]
[WhiteElo "2352"]
[BlackElo "2455"]
[PlyCount "84"]
[EventDate "1999.??.??"]

1. d4 d5 2. e3 e6 3. Bd3 c5 4. c3 Nc6 5. f4 cxd4 6. exd4 Bd6 7. Nf3 Nf6 8. O-O
O-O 9. Ne5 Bd7 10. Nd2 Rc8 11. g4 Qb6 12. Kh1 Be8 13. g5 Nd7 14. Ndf3 f6 15.
Nxd7 Bxd7 16. gxf6 Rxf6 17. Ne5 Be8 18. Qe2 Kh8 19. Be3 Ne7 20. Rg1 Nf5 21.
Bxf5 Rxf5 22. Rg2 Bxe5 23. dxe5 Qa5 24. a3 Bg6 25. Rag1 Qa4 26. h3 b6 27. Kh2
Rcf8 28. Rg5 Rxg5 29. Rxg5 Qe4 30. Qf2 Kg8 31. h4 Rf7 32. h5 Bf5 33. h6 Bg6 34.
hxg7 Kxg7 35. Kg3 Rf5 36. Rxf5 Bxf5 37. Bd4 Qh1 38. Qh2 Qd1 39. Qh4 Qd3+ 40.
Kf2 Qd2+ 41. Kf3 Be4+ 42. Kg3 42... Qg2# {lakerda checkmated} 0-1